000 00420nam a2200157Ia 4500
008 230312s9999||||xx |||||||||||||| ||und||
020 _a0-07-118163-6
082 _a658.4034
_bHIL-I
100 _aHillier;Frederick.S
245 0 _aIntroduction to Operations Research
260 _bMcGraw Hill
_aUSA
_c2001
300 _a1214
546 _aEng.
650 _aManagement
_vIntroduction to Operations Research
942 _cBK
999 _c8309
_d8309